Statistics for American Cities with the Tallest Buildings

Click here to take the quiz!

General Stats

  • This quiz has been taken 22 times
  • The average score is 18 of 23

Answer Stats

Height of tallest buildingAnswer% Correct
1,451 (442.26)Chicago
100%
1,099 (334.98)Los Angeles
100%
1,776 (541.32)New York City
100%
921 (280.72)Dallas
95%
1,070 (326.14)San Francisco
95%
937 (285.60)Seattle
95%
790 (240.79)Boston
90%
1,002 (305.41)Houston
90%
735 (224.03)Las Vegas
90%
868 (264.57)Miami
90%
1,121 (341.68)Philadelphia
90%
947 (288.65)Cleveland
81%
1,023 (311.81)Atlanta
76%
714 (217.63)Denver
76%
727 (221.59)Detroit
76%
792 (241.40)Minneapolis
76%
841 (256.34)Pittsburgh
71%
871 (265.48)Charlotte
67%
811 (247.19)Indianapolis
57%
844 (257.25)Oklahoma City
57%
900 (274.32)Jersey City
48%
710 (216.41)Atlantic City
24%
745 (227.08)Mobile
14%

Score Distribution

Percentile by Number Answered

Percent of People with Each Score

Your Score History

You have not taken this quiz